Foundations of macroeconomics / (Record no. 236)

MARC details
000 -LEADER
fixed length control field 00681nam a22001937a 4500
008 - FIXED-LENGTH DATA ELEMENTS--GENERAL INFORMATION
fixed length control field 111104t xxu||||| |||| 00| 0 eng d
020 ## - INTERNATIONAL STANDARD BOOK NUMBER
International Standard Book Number 0321365046
050 ## - LIBRARY OF CONGRESS CALL NUMBER
Classification number HB171.5.B14
100 ## - MAIN ENTRY--PERSONAL NAME
Personal name Bade, Robin
245 ## - TITLE STATEMENT
Title Foundations of macroeconomics /
Statement of responsibility, etc. Robin Bade
250 ## - EDITION STATEMENT
Edition statement 3rd ed.
260 ## - PUBLICATION, DISTRIBUTION, ETC.
Place of publication, distribution, etc. Boston:
Name of publisher, distributor, etc. Pearson Addison Wesley,
Date of publication, distribution, etc. c2007.
300 ## - PHYSICAL DESCRIPTION
Extent xxxviii, 538 + various pagings.:
Other physical details ill. (some col.)
Dimensions 26cm.
500 ## - GENERAL NOTE
General note Includes index.
505 ## - FORMATTED CONTENTS NOTE
Formatted contents note Contents: Introduction -- Monitoring the macroeconomy -- The Real economy -- The Money economy -- Economic fluctuations -- The Global economy.
650 ## - SUBJECT ADDED ENTRY--TOPICAL TERM
Topical term or geographic name entry element Macroeconomics
700 ## - ADDED ENTRY--PERSONAL NAME
Personal name Parkin, Michael
942 ## - ADDED ENTRY ELEMENTS (KOHA)
Source of classification or shelving scheme Library of Congress Classification
Koha item type Books
Holdings
Withdrawn status Lost status Source of classification or shelving scheme Damaged status Not for loan Home library Current library Shelving location Date acquired Total Checkouts Full call number Barcode Date last seen Price effective from Koha item type
    Library of Congress Classification     WISCONSIN INTERNATIONAL UNIVERSITY COLLEGE, GHANA - MAIN LIBRARY WISCONSIN INTERNATIONAL UNIVERSITY COLLEGE, GHANA - MAIN LIBRARY General Stacks 04/11/2011   HB171.5.B14 690/11 04/11/2011 04/11/2011 Books

If you have any concerns or questions; kindly contact the library


© Powered by WIUC ICT DIRECTORATE